The noble scholar, jurist, historian


 His Excellency Dr. Abdul Wahhab bin Ibrahim Abu Sulaiman, may Allah have mercy on him.


 He was born in Umm Al-Qura in the year 1356 AH.

تحفة الأريب بما في القرآن من الغريب / (Record no. 9209)

MARC details
000 -LEADER
fixed length control field 01577cam a22003491i 4500
003 - CONTROL NUMBER IDENTIFIER
control field SA-RiAUC
005 - DATE AND TIME OF LATEST TRANSACTION
control field 20250626075249.0
008 - FIXED-LENGTH DATA ELEMENTS--GENERAL INFORMATION
fixed length control field 250528s1977 iq g f00100 ara c
040 ## - CATALOGING SOURCE
Original cataloging agency SA-RiKSU
Language of cataloging ara
Transcribing agency SA-RiAUC
Description conventions rda
050 #4 - LIBRARY OF CONGRESS CALL NUMBER
Item number .A28 1977
082 04 - DEWEY DECIMAL CLASSIFICATION NUMBER
Classification number 224.3
Assigning agency SA-RiAUC
090 ## - LOCALLY ASSIGNED LC-TYPE CALL NUMBER (OCLC); LOCAL CALL NUMBER (RLIN)
Classification number (OCLC) (R) ; Classification number, CALL (RLIN) (NR) 224.3
Local cutter number (OCLC) ; Book number/undivided call number, CALL (RLIN) ا ب و ح
100 1# - MAIN ENTRY--PERSONAL NAME
Personal name أبو حيان النحوي، محمد بن يوسف بن علي،
Dates associated with a name 654-745 هجري
Relator term مؤلف.
245 10 - TITLE STATEMENT
Title تحفة الأريب بما في القرآن من الغريب /
Statement of responsibility, etc. تأليف أثير الدين أبي حيان الأندلسي ؛ تحقيق أحمد مطلوب، خديجة الحديثي.
250 ## - EDITION STATEMENT
Edition statement الطبعة الأولى.
264 #1 - PRODUCTION, PUBLICATION, DISTRIBUTION, MANUFACTURE, AND COPYRIGHT NOTICE
Place of production, publication, distribution, manufacture بغداد :
Name of producer, publisher, distributor, manufacturer وزارة الأوقاف والشؤون الدينية،
Date of production, publication, distribution, manufacture, or copyright notice 1977
264 #3 - PRODUCTION, PUBLICATION, DISTRIBUTION, MANUFACTURE, AND COPYRIGHT NOTICE
Place of production, publication, distribution, manufacture [مكان الطبع غير محدد] :
Name of producer, publisher, distributor, manufacturer مطبعة العاني
300 ## - PHYSICAL DESCRIPTION
Extent مجلد ؛
Dimensions 24 سم.
336 ## - CONTENT TYPE
Content type term نص
Content type code txt
Source rdacontent
Materials specified كتاب
337 ## - MEDIA TYPE
Media type term بدون وسيط
Media type code n
Source rdamedia
338 ## - CARRIER TYPE
Carrier type term مجلد
Carrier type code nc
Source rdacarrier
490 1# - SERIES STATEMENT
Series statement إحياء التراث الإسلامي ؛
Volume/sequential designation 29
500 ## - GENERAL NOTE
General note كشافات : صفحة 301.-400.
630 27 - SUBJECT ADDED ENTRY--UNIFORM TITLE
Uniform title القرآن
General subdivision غريب
Source of heading or term aucut
630 27 - SUBJECT ADDED ENTRY--UNIFORM TITLE
Uniform title القرآن
General subdivision ألفاظ
Source of heading or term aucut
700 1# - ADDED ENTRY--PERSONAL NAME
Personal name مطلوب، أحمد،
Dates associated with a name 1936-2018
Relator term محقق.
700 1# - ADDED ENTRY--PERSONAL NAME
Personal name الحديثي، خديجة عبد الرزاق،
Dates associated with a name 1934-
Relator term محقق.
730 22 - ADDED ENTRY--UNIFORM TITLE
Uniform title القرآن
830 #0 - SERIES ADDED ENTRY--UNIFORM TITLE
Uniform title إحياء التراث الإسلامي (بغداد، العراق)
Volume/sequential designation 29
942 ## - ADDED ENTRY ELEMENTS (KOHA)
Source of classification or shelving scheme Dewey Decimal Classification
Koha item type Books
Suppress in OPAC No
949 ## - LOCAL PROCESSING INFORMATION (OCLC)
a SA-JeALM
d 250528
u mohamedma123
n 1
Holdings
Withdrawn status Lost status Source of classification or shelving scheme Materials specified (bound volume or other part) Damaged status Not for loan Home library Current library Date acquired Total checkouts Full call number Barcode Date last seen Price effective from Koha item type
    Dewey Decimal Classification الكتاب التاسع والعشرون     DR AbdElwahab Library DR AbdElwahab Library 06/26/2025   224.3 ا ب و ح 000014974 06/26/2025 06/26/2025 Books